| 000 -LEADER |
| fixed length control field |
00735nam a2200229Ia 4500 |
| 001 - CONTROL NUMBER |
| control field |
3124 |
| 003 - CONTROL NUMBER IDENTIFIER |
| control field |
GE_BSU |
| 008 - FIXED-LENGTH DATA ELEMENTS--GENERAL INFORMATION |
| fixed length control field |
181216s||||||||xx |||||||||||||| ||und|| |
| 040 ## - CATALOGING SOURCE |
| Transcribing agency |
GE_BSU |
| 080 ## - UNIVERSAL DECIMAL CLASSIFICATION NUMBER |
| Universal Decimal Classification number |
530.1(075.8) |
| 100 ## - MAIN ENTRY--PERSONAL NAME |
| Personal name |
Волькенштейн,В.С. |
| 245 ## - TITLE STATEMENT |
| Title |
Сборник задач по общему курсу физики. |
| 245 ## - TITLE STATEMENT |
| Remainder of title |
Учебное пособие. |
| 245 ## - TITLE STATEMENT |
| Statement of responsibility, etc. |
ред.: Н.А.Райская, А.В.Чеботарова. |
| 250 ## - EDITION STATEMENT |
| Edition statement |
Изд. седьмое, стереотипное. |
| 260 ## - PUBLICATION, DISTRIBUTION, ETC. |
| Place of publication, distribution, etc. |
М. |
| 260 ## - PUBLICATION, DISTRIBUTION, ETC. |
| Name of publisher, distributor, etc. |
Наука. |
| 260 ## - PUBLICATION, DISTRIBUTION, ETC. |
| Date of publication, distribution, etc. |
1969. |
| 300 ## - PHYSICAL DESCRIPTION |
| Extent |
464стр.с илл.20см. |
| 653 ## - INDEX TERM--UNCONTROLLED |
| Uncontrolled term |
Сборник задач по общему курсу физики. |
| 942 ## - ADDED ENTRY ELEMENTS (KOHA) |
| Koha item type |
წიგნი |